Score 0/100 Timer 15:00
1 Play Today
# Eps. Character % Correct
564Homer Simpson
99.3%
562Bart Simpson
98.9%
563Marge Simpson
98.6%
562Lisa Simpson
98.5%
13Maggie Simpson
96.1%
280Ned Flanders
90.7%
265Abe Simpson
89.8%
376Moe Szyslak
89.6%
240C. Montgomery Burns
88.9%
323Milhouse Van Houten
86.3%
68Todd Flanders
85.9%
60Rod Flanders
85.9%
296Seymour Skinner
85.2%
179Waylon Smithers
83.7%
46Maude Flanders
83.1%
180Ralph Wiggum
83.1%
281Carl Carlson
82.1%
92Agnes Skinner
81.8%
236Krusty the Clown
81.8%
316Chief Wiggum
81.4%
319Lenny Leonard
81.4%
196Apu Nahasapeemapetilon
80.9%
177Barney Gumble
80.6%
275Nelson Muntz
80.1%
17Sideshow Bob
76.2%
103Selma Bouvier
75.6%
106Patty Bouvier
74.8%
129Edna Krabappel
71.9%
132Reverend Lovejoy
65.1%
49Helen Lovejoy
63.6%
69Kirk Van Houten
63.5%
29Luann Van Houten
61.8%
147Sideshow Mel
61.7%
163Groundskeeper Willie
60.9%
# Eps. Character % Correct
98Superintendent Chalmers
58.8%
123Jeff Albertson (Comic Book Guy)
58.2%
207Dr. Julius Hibbert
56.4%
126Martin Prince
55%
137Mayor Quimby
54.5%
27Troy McClure
53.5%
148Officer Lou
52.8%
132Jimbo Jones
52.7%
31Dr. Nick Riviera
52.1%
234Kent Brockman
51.7%
137Otto Mann
50.4%
35Bumblebee Man
49.5%
31Itchy
48.4%
13Bernice Hibbert
48.2%
30Scratchy
48.2%
23Duffman
48.2%
55Hans Moleman
47.6%
47Elizabeth Hoover
45.9%
18Manjula Nahasapeemapetilon
45.1%
96Professor Frink
44.7%
24Fat Tony D'Amico
43%
27Terri Mackleberry
40.8%
33Sherri Mackleberry
40.6%
83Snake Jailbird
38.8%
101Cletus Spuckler
38.1%
25Lionel Hutz
37.7%
50Rainier Wolfcastle
37.2%
66Jasper Beardly
36.4%
35Old Jewish Man
35.7%
48Officer Eddie
35.2%
121Kearney Zzyzwicz
35.2%
15Mrs. Muntz
33.1%
27Disco Stu
32.7%
27Janey Powell
31.8%
# Eps. Character % Correct
43Brandine Spuckler
31.7%
23Kang
30.4%
82Dolph Starbeam
29.6%
78Captain McCallister
29.1%
41Gil Gunderson
29%
23Kodos
28.4%
12Lunchlady Doris
27.5%
46Steve Freedman (Squeaky-Voiced Teen)
27.4%
11Eleanor Abernathy (Crazy Cat Lady)
27.4%
14Arnie Pye
21.3%
12Bill Clinton
20.8%
14Üter Zörker
20.7%
11Wendell Borton
20.5%
15Lewis Clark
20.5%
43Judge Roy Snyder
19.6%
12Dr. Marvin Monroe
19.6%
39Luigi Risotto
18.5%
14Legs
17.6%
27Blue-Haired Lawyer
17.4%
15Cookie Kwan
17.1%
15God
15.1%
13Johnny Tightlips
14.9%
21Drederick Tatum
14.7%
21DJ Bill (KBBL)
14.6%
38Rich Texan
14.5%
34Dewey Largo
14.3%
24Mafia Louie
14.1%
27Lindsey Naegle
13.2%
27Database
12.2%
30Raphael, the Sarcastic Clerk
10.6%
23DJ Marty (KBBL)
10.3%
13Julio
5.8%

You're not logged in!

Compare scores with friends on all Sporcle quizzes.
OR
Log In

Sporcle TV

Today on Sporcle TV


Watch our educational content, quiz creation guides, and fun videos on Sporcle TV.

Show Comments

Extras

Top Quizzes Today


Score Distribution

Paid Content

Your Account Isn't Verified!

In order to create a playlist on Sporcle, you need to verify the email address you used during registration. Go to your Sporcle Settings to finish the process.

Report this User

Report this user for behavior that violates our Community Guidelines.

Details: